Statystyki dla Ekstraklasa 2019/2020

Kliknij tutaj aby rozwiązać quiz!

Ogólne statystyki

  • Ten quiz został rozwiązany 500 razy
  • Średni wynik to 12 z 16

Statystyki odpowiedzi

HintOdpowiedź% Poprawnych
8Legia Warszawa
98%
6Lech Poznań
96%
12Wisła Kraków
91%
7Lechia Gdańsk
87%
1Arka Gdynia
83%
2Cracovia
81%
10Pogoń Szczecin
76%
4Jagiellonia Białystok
74%
11Śląsk Wrocław
74%
16Raków Częstochowa
73%
13Wisła Płock
72%
9Piast Gliwice
70%
14Zagłębie Lubin
69%
15ŁKS Łódź
68%
5Korona Kielce
67%
3Górnik Zabrze
64%

Rozkład punktacji

Percentyl według liczby udzielonych odpowiedzi

Procent ludzi z każdym wynikiem

Twoja historia wyników

Nie rozwiązałeś tego quizu